000 00574nam a2200217Ia 4500
005 20250326144203.0
008 250326s9999 xx 000 0 und d
020 _a978-0-224-06163-6
037 _aTextbook
040 _aFMSL
_beng
_cFMSL
041 _aeng
_2eng
084 _aO1113RUS P8
_qFMSL
100 _aRushdie Salman
245 0 _aEnchantress of florence
_cRushdie Salman
260 _aLondon
_bLondon, Jonathan Cape
_c2008
300 _a359p
365 _b595
650 _aNovel
942 _cTB
_hO1113RUS P8
999 _c1302716
_d1302716